Terang Bulan

Bibliographic Details
Main Author: Rahmat Haroun
Format: Book
Published: Kuala Lumpur : Dewan Bahasa Dan Pustaka , 1991
Subjects:

MARC

LEADER 00000cam a2200000 7i4500
001 0000036521
005 20120926.0
008 120926 bm
020 |a 9836216863 
090 0 0 |a 899.23 RAH 
100 1 |a Rahmat Haroun 
245 1 0 |a Terang Bulan   |c Rahmat Haroun 
260 |a Kuala Lumpur :   |b Dewan Bahasa Dan Pustaka ,   |c 1991 
300 |a 177p. ;   |c 20cm. 
650 0 0 |a Literature-Malay 
999 |a 0000140268   |b Buku   |c Rak Terbuka   |e Perpustakaan Cawangan Masjid Tanah 
999 |a 0000327756   |b Buku   |c Rak Terbuka   |e Perpustakaan Cawangan Jasin 
999 |a 0000327757   |b Buku   |c Rak Terbuka   |e Perpustakaan Cawangan Jasin